[Event "msr2018"]
[Site "?"]
[Date "2018.04.22"]
[Round "2.23"]
[White "Paluska, Karol"]
[Black "Skreko, Igor"]
[Result "1/2-1/2"]
[BlackElo "1586"]
[WhiteElo "1377"]
[LiveChessVersion "1.4.8"]

1. d4 {[%clk 1:30:58]} d5 {[%clk 1:30:54]} 2. c4 {[%clk 1:31:07]} c6
{[%clk 1:31:18]} 3. Nc3 {[%clk 1:31:31]} e6 {[%clk 1:31:29]} 4. Nf3
{[%clk 1:31:52]} Nf6 {[%clk 1:31:41]} 5. Bg5 {[%clk 1:31:59]} Be7
{[%clk 1:31:41]} 6. e3 {[%clk 1:32:21]} h6 {[%clk 1:32:03]} 7. Bh4
{[%clk 1:32:31]} Nbd7 {[%clk 1:31:47]} 8. Bd3 {[%clk 1:32:01]} O-O
{[%clk 1:31:36]} 9. O-O {[%clk 1:31:37]} Re8 {[%clk 1:31:11]} 10. cxd5
{[%clk 1:28:23]} exd5 {[%clk 1:31:20]} 11. Qb3 {[%clk 1:27:35]} Nb6
{[%clk 1:30:20]} 12. Ne5 {[%clk 1:25:45]} Nfd7 {[%clk 1:26:22]} 13. Bxe7
{[%clk 1:24:56]} Qxe7 {[%clk 1:25:48]} 14. Nf3 {[%clk 1:24:05]} Qd6
{[%clk 1:21:28]} 15. Rfe1 {[%clk 1:23:14]} Nf6 {[%clk 1:19:28]} 16. e4
{[%clk 1:18:33]} dxe4 {[%clk 1:18:35]} 17. Bxe4 {[%clk 1:14:30]} Be6
{[%clk 1:16:14]} 18. Qc2 {[%clk 1:12:49]} Nfd5 {[%clk 1:11:18]} 19. Nxd5
{[%clk 1:12:27]} Bxd5 {[%clk 1:10:58]} 20. Bxd5 {[%clk 1:11:16]} Nxd5
{[%clk 1:10:41]} 21. Qb3 {[%clk 1:06:20]} Qc7 {[%clk 1:07:51]} 22. Rac1
{[%clk 1:02:46]} Qb6 {[%clk 1:07:42]} 23. Qxb6 {[%clk 1:02:53]} Nxb6
{[%clk 1:08:07]} 24. h3 {[%clk 1:03:04]} Rad8 {[%clk 1:07:43]} 25. Kf1
{[%clk 1:01:00]} Kf8 {[%clk 1:07:16]} 26. Rxe8+ {[%clk 0:58:11]} Rxe8
{[%clk 1:07:24]} 27. Re1 {[%clk 0:58:09]} Rxe1+ {[%clk 1:07:33]} 28. Kxe1
{[%clk 0:58:34]} Ke7 {[%clk 1:07:48]} 29. Kd2 {[%clk 0:58:46]} Ke6
{[%clk 1:07:18]} 30. Kd3 {[%clk 0:58:03]} Kd5 {[%clk 1:07:24]} 31. Ne5
{[%clk 0:57:01]} f6 {[%clk 1:06:23]} 32. Nf7 {[%clk 0:56:28]} Nc4
{[%clk 1:04:24]} 33. b3 {[%clk 0:56:03]} Nd6 {[%clk 1:04:46]} 34. Nxd6
{[%clk 0:55:28]} Kxd6 {[%clk 1:05:03]} 35. Ke4 {[%clk 0:54:54]} g6
{[%clk 1:05:14]} 36. g4 {[%clk 0:54:55]} a5 {[%clk 1:03:30]} 37. f4
{[%clk 0:54:40]} b5 {[%clk 1:03:26]} 38. h4 {[%clk 0:54:08]} Ke6 {[%clk 1:00:50]}
39. f5+ {[%clk 0:52:51]} gxf5+ {[%clk 1:01:05]} 40. gxf5+ {[%clk 0:53:15]} Kd6
{[%clk 1:01:18]} 41. Kf4 {[%clk 0:47:02]} h5 {[%clk 1:01:35]} 42. Ke4
{[%clk 0:47:20]} c5 {[%clk 1:01:37]} 43. dxc5+ {[%clk 0:46:46]} Kxc5
{[%clk 1:02:05]} 44. a3 {[%clk 0:46:55]} a4 {[%clk 1:02:01]} 45. bxa4
{[%clk 0:43:37]} bxa4 {[%clk 1:02:28]} 46. Kd3 {[%clk 0:43:57]} Kd5
{[%clk 1:02:38]} 47. Kc3 {[%clk 0:44:11]} Ke5 {[%clk 1:02:57]} 48. Kb4
{[%clk 0:44:31]} Kxf5 {[%clk 1:03:13]} 49. Kxa4 {[%clk 0:44:53]} Ke5
{[%clk 1:03:06]} 50. Kb4 {[%clk 0:45:02]} f5 {[%clk 1:03:25]} 51. a4
{[%clk 0:44:06]} f4 {[%clk 1:03:52]} 52. a5 {[%clk 0:44:08]} f3 {[%clk 1:04:08]}
53. a6 {[%clk 0:44:29]} f2 {[%clk 1:04:21]} 54. a7 {[%clk 0:44:53]} f1=Q
{[%clk 1:04:45]} 55. a8=Q {[%clk 0:45:05]} Qb1+ {[%clk 1:04:52]} 1/2-1/2